Hovorenie v akademickom prostredí

Hovorenie ako jedna z akademických zručností. Dôležitosť hovorenia pre efektívne zvládnutie prednášok, seminárov, diskusií a prezentácií v anglickom jazyku.

Uložené v:
Podrobná bibliografia
Hlavný autor: Zsapková, Eleonóra
Médium: Kapitola
Jazyk:Slovak
Predmet:
Tagy: Pridať tag
Žiadne tagy, Buďte prvý, kto otaguje tento záznam!

MARC

LEADER 00000nla a2200000 4500
001 0201741
005 20240502073411.0
041 0 |a slo 
044 |a SK 
245 1 0 |a Hovorenie v akademickom prostredí  |c Eleonóra Zsapková 
520 |a Hovorenie ako jedna z akademických zručností. Dôležitosť hovorenia pre efektívne zvládnutie prednášok, seminárov, diskusií a prezentácií v anglickom jazyku. 
610 2 0 |a jazyky cudzie 
610 2 0 |a angličtina 
610 2 0 |a komunikácia verbálna 
610 2 0 |a prednášky 
610 2 0 |a semináre 
610 2 0 |a prezentácia 
610 2 0 |a študenti 
610 2 0 |a učitelia 
610 2 0 |a univerzity 
100 1 |a Zsapková, Eleonóra